| 000 | 00553nam a22001817a 4500 | ||
|---|---|---|---|
| 003 | OSt | ||
| 005 | 20251127140458.0 | ||
| 008 | 251127b |||||||| |||| 00| 0 eng d | ||
| 020 | _a978-1-309-07913-3 | ||
| 040 |
_aDWCL - Main _cOC |
||
| 082 | _aFil. 415 G745 2017 | ||
| 110 | _aMcGraw-Hill Education | ||
| 245 |
_aGrammar and composition handbook : _bgrade 9 / _cMcGraw-Hill Education |
||
| 260 |
_aPhilippines: _bMcGraw-Hill Education, _cc2017. |
||
| 300 |
_a422 pages; _c23 cm. |
||
| 650 | _a1. Grammar composition | ||
| 942 |
_2ddc _cBK - FIL _kFil. _n0 |
||
| 999 |
_c6471 _d6471 |
||